Ratites and tinamous (Registro nro. 4988)
[ vista simple ]
| 000 -CABECERA | |
|---|---|
| Campo de control | 01375cam a2200325 i 4500 |
| 005 - FECHA Y HORA DE LA ULTIMA TRANSACCION | |
| Campo de control | 20160105023624.0 |
| 008 - ELEMENTOS DE LONGITUD FIJA—INFORMACION GENERAL | |
| Campo de control | 010803s2002 enkabf b 001 0 eng |
| 020 ## - ISBN | |
| ISBN | 0198549962 |
| 040 ## - FUENTE DE CATALOGACIÓN | |
| Agencia catalogadora original | DLC |
| Agencia transcriptora | DLC |
| Agencia Modificadora | CO-BoIAVH |
| 041 ## - IDIOMA | |
| Código de idioma para texto/pista de sonido o título separado | Inglés |
| 044 ## - PAÍS DE PUBLICACIÓN | |
| País de publicación | Estados Unidos |
| 082 04 - NUMERO DE CLASIFICACION DECIMAL DEWEY | |
| Número de clasificación | 598.5 |
| Número del ítem | D25r |
| 100 1# - ASIENTO PRINCIPAL--NOMBRE PERSONAL | |
| Nombre personal | Davies, S. J. J. F. |
| 9 (RLIN) | 45702 |
| 245 10 - MENCION DE TITULO | |
| Título | Ratites and tinamous |
| Parte restante del título | Tinamidae, Rheidae, Dromaiidae, Casuariidae, Apterygidae, Struthionidae / |
| Mención de responsabilidad | S.J.J.F. Davies ; colour plates by Michael J. Bamford ; drawings and maps by Danika Loomes. |
| 260 ## - PUBLICACION, DISTRIBUCION, ETC. (PIE DE IMPRENTA) | |
| Lugar de publicación, distribución, etc. | Oxford |
| -- | New York |
| Nombre del editor, distribuidor, etc. | Oxford University Press |
| Fecha de publicación, distribución, etc. | 2002 |
| 300 ## - DESCRIPCION FISICA | |
| Extensión | xxiii, 310 páginas |
| Otros detalles físicos | ilustraciones, láminas y mapas |
| Dimensiones | 26 cm. |
| 490 00 - MENCION DE SERIE | |
| Mención de serie | Birds families of the world |
| Número International Normalizado para Libros | 9 |
| 504 ## - NOTA DE BIBLIOGRAFIA, ETC. | |
| Nota de bibliografía | Incluye referencias bibliográficas e índice. |
| 505 0# - NOTA DE CONTENIDO | |
| Nota de contenido | Tinamous. -- Rheas. -- Emu. -- Cassowaries. -- Moas and kiwis. -- Ostrich and elephant birds. |
| 650 14 - ASIENTO SECUNDARIO DE MATERIA - TERMINO TEMATICO | |
| Término temático o nombre geográfico como elemento de entrada | Aves terrestres |
| 9 (RLIN) | 28184 |
| 650 16 - ASIENTO SECUNDARIO DE MATERIA - TERMINO TEMATICO | |
| Término temático o nombre geográfico como elemento de entrada | Aves corredoras |
| 9 (RLIN) | 45703 |
| 650 26 - ASIENTO SECUNDARIO DE MATERIA - TERMINO TEMATICO | |
| Término temático o nombre geográfico como elemento de entrada | Tinamidae |
| 9 (RLIN) | 45705 |
| 650 24 - ASIENTO SECUNDARIO DE MATERIA - TERMINO TEMATICO | |
| Término temático o nombre geográfico como elemento de entrada | Rátidas |
| 9 (RLIN) | 45835 |
| 650 24 - ASIENTO SECUNDARIO DE MATERIA - TERMINO TEMATICO | |
| Término temático o nombre geográfico como elemento de entrada | Paleognatas |
| 9 (RLIN) | 45836 |
| 700 1# - ASIENTO SECUNDARIO - NOMBRE PERSONAL | |
| Nombre personal | Bamford, Mike |
| 9 (RLIN) | 45708 |
| 700 1# - ASIENTO SECUNDARIO - NOMBRE PERSONAL | |
| Nombre personal | Loomes, Danika |
| Término de relación | dibujante |
| 9 (RLIN) | 22428 |
| 856 41 - LOCALIZACION Y ACCESO ELECTRONICOS | |
| Especificación de los materiales | Table of contents only |
| Identificador Uniforme del Recurso | http://www.loc.gov/catdir/enhancements/fy0611/2001133059-t.html |
| 856 42 - LOCALIZACION Y ACCESO ELECTRONICOS | |
| Especificación de los materiales | Publisher description |
| Identificador Uniforme del Recurso | http://www.loc.gov/catdir/enhancements/fy0611/2001133059-d.html |
| 942 ## - ELEMENTOS ADICIONALES (KOHA) | |
| Sistema de clasificación | Dewey Decimal Classification |
| Tipo de ítem | Libro |
| Withdrawn status | Lost status | Sistema de Clasificación | Damaged status | No para préstamo | Colección | Inventariado | Ubicación Permanente | Ubicación actual | Fecha de adquisición | Fuente de Valor | Valor | Total Checkouts | Número topográfico | Inventario / Código de Barras | Date last seen | Ejemplar | Price effective from | Forma de adquisición | Tipo de material |
|---|---|---|---|---|---|---|---|---|---|---|---|---|---|---|---|---|---|---|---|
| Dewey Decimal Classification | General | Inventariado 2017 | Bogotá | Bogotá | 20/12/2005 | Instituto | 39000.00 | LB-598.5 D25r | 022649 | 04/12/2012 | Ej. 1 | 04/12/2012 | Compra | Libro |